[Event "BEL-chT 1617"]
[Site "Belgium"]
[Date "2016.12.04"]
[Round "5.2"]
[White "Dann, Matthias"]
[Black "Beeckmans, Felix"]
[Result "1/2-1/2"]
[WhiteElo "2486"]
[BlackElo "2320"]
[PlyCount "89"]
[EventDate "2016.10.02"]
[EventType "team-tourn"]
[EventRounds "11"]
[EventCountry "BEL"]
[SourceTitle "EXT 2018"]
[Source "ChessBase"]
[SourceDate "2017.10.13"]
[SourceVersion "1"]
[SourceVersionDate "2017.10.13"]
[SourceQuality "1"]
[WhiteTeam "Eynatten"]
[BlackTeam "The Belgian CC"]
[WhiteTeamCountry "BEL"]
[BlackTeamCountry "BEL"]

1. e4 c5 2. Nf3 g6 3. d4 cxd4 4. Nxd4 Bg7 5. Nc3 Nc6 6. Be3 Nf6 7. Bc4 0-0 8. Bb3 a5 9. 0-0 Ng4 10. Qxg4 Nxd4 11. Qd1 Nxb3 12. axb3 Ra6 13. Bd4 Re6 14. Bxg7 Kxg7 15. Qd4+ f6 16. b4 Rd6 17. Qe3 axb4 18. Nd5 e6 19. Nxb4 Qb6 20. Qxb6 Rxb6 21. c3 d6 22. Ra8 Bd7 23. Rfa1 Rb5 24. f3 g5 25. Kf2 Kf7 26. Ke3 Rxa8 27. Rxa8 Be8 28. Nd3 Rb3 29. Kd2 Ke7 30. Kc2 Rb6 31. Nb4 Rb5 32. Kd2 Bg6 33. Ke3 f5 34. exf5 Bxf5 35. Rg8 Kf6 36. Rc8 Re5+ 37. Kf2 Rc5 38. Rd8 Ke7 39. Rb8 Rb5 40. g3 Bg6 41. Rh8 e5 42. Ke3 d5 43. g4 d4+ 44. Kd2 e4 45. fxe4 1/2-1/2

[Event "BEL-chT 1617"]
[Site "Belgium"]
[Date "2016.11.06"]
[Round "3.2"]
[White "Bosboom, Manuel"]
[Black "Beeckmans, Felix"]
[Result "1-0"]
[WhiteElo "2397"]
[BlackElo "2320"]
[PlyCount "49"]
[EventDate "2016.10.02"]
[EventType "team-tourn"]
[EventRounds "11"]
[EventCountry "BEL"]
[SourceTitle "CBM 175 Extra"]
[Source "ChessBase"]
[SourceDate "2016.12.12"]
[SourceVersion "1"]
[SourceVersionDate "2016.12.12"]
[SourceQuality "1"]
[WhiteTeam "Liege Crelel"]
[BlackTeam "The Belgian CC"]
[WhiteTeamCountry "BEL"]
[BlackTeamCountry "BEL"]

1. c4 e5 2. b3 Nc6 3. Bb2 d6 4. g3 g6 5. Bg2 Bg7 6. Nc3 f5 7. e3 Nf6 8. Nge2 0-0 9. 0-0 g5 10. f4 h6 11. d3 Re8 12. Qd2 gxf4 13. gxf4 exf4 14. Nxf4 Ne5 15. Rae1 c6 16. d4 Nf7 17. Rf3 Ng5 18. Rg3 Kh7 19. h4 Nge4 20. Nxe4 fxe4 21. d5 Bh8 22. Rf1 Bf5 23. Ne6 Bxe6 24. dxe6 h5 25. Qf2 1-0

[Event "BEL-chT 1516"]
[Site "Belgium"]
[Date "2015.11.22"]
[Round "4.2"]
[White "Beeckmans, Felix"]
[Black "Pijpers, Arthur"]
[Result "0-1"]
[WhiteElo "2318"]
[BlackElo "2444"]
[PlyCount "64"]
[EventDate "2015.09.27"]
[EventType "team-tourn"]
[EventRounds "11"]
[EventCountry "BEL"]
[SourceTitle "EXT 2017"]
[Source "ChessBase"]
[SourceDate "2016.10.25"]
[SourceVersion "1"]
[SourceVersionDate "2016.10.25"]
[SourceQuality "1"]
[WhiteTeam "TBCC"]
[BlackTeam "KGSRL"]
[WhiteTeamCountry "BEL"]
[BlackTeamCountry "BEL"]

1. c4 e5 2. Nc3 Nf6 3. Nf3 Nc6 4. g3 d5 5. cxd5 Nxd5 6. Bg2 Nb6 7. 0-0 Be7 8. d3 0-0 9. Be3 Be6 10. Rc1 Nd5 11. Nxd5 Bxd5 12. Qa4 Re8 13. d4 e4 14. Ne5 Bd6 15. Nxc6 bxc6 16. Rxc6 Bxc6 17. Qxc6 Qe7 18. Rc1 a5 19. Rc4 Rab8 20. b3 Rb4 21. h3 h6 22. Qa6 Qe6 23. Qxa5 Rxc4 24. d5 Rc5 25. Qxc5 Bxc5 26. dxe6 Bxe3 27. exf7+ Kxf7 28. fxe3 g5 29. Kf2 Kf6 30. Ke1 Ke5 31. Kd2 Rf8 32. a4 Rf2 0-1

[Event "BEL-chT 1516"]
[Site "Belgium"]
[Date "2015.11.08"]
[Round "3.1"]
[White "Beeckmans, Felix"]
[Black "Bok, Benjamin"]
[Result "1/2-1/2"]
[WhiteElo "2318"]
[BlackElo "2586"]
[PlyCount "40"]
[EventDate "2015.09.27"]
[EventType "team-tourn"]
[EventRounds "11"]
[EventCountry "BEL"]
[SourceTitle "EXT 2017"]
[Source "ChessBase"]
[SourceDate "2016.10.25"]
[SourceVersion "1"]
[SourceVersionDate "2016.10.25"]
[SourceQuality "1"]
[WhiteTeam "TBCC"]
[BlackTeam "Amay"]
[WhiteTeamCountry "BEL"]
[BlackTeamCountry "BEL"]

1. c4 e6 2. d4 d5 3. Nc3 c6 4. e4 dxe4 5. Nxe4 Bb4+ 6. Nc3 c5 7. Be3 Ne7 8. dxc5 Qxd1+ 9. Rxd1 Bxc3+ 10. bxc3 Na6 11. Bd3 e5 12. Nf3 f6 13. Rb1 Rb8 14. Be4 Nf5 15. c6 Nxe3 16. fxe3 bxc6 17. Bxc6+ Ke7 18. Rxb8 Nxb8 19. Bd5 Ba6 20. Nd2 Rc8 1/2-1/2

[Event "BEL-chT 1516"]
[Site "Belgium"]
[Date "2015.10.11"]
[Round "2.3"]
[White "Wemmers, Xander"]
[Black "Beeckmans, Felix"]
[Result "1-0"]
[WhiteElo "2332"]
[BlackElo "2318"]
[PlyCount "69"]
[EventDate "2015.09.27"]
[EventType "team-tourn"]
[EventRounds "11"]
[EventCountry "BEL"]
[SourceTitle "CBM 168 Extra"]
[Source "ChessBase"]
[SourceDate "2015.10.29"]
[SourceVersion "1"]
[SourceVersionDate "2015.10.29"]
[SourceQuality "1"]
[WhiteTeam "Borgerhout"]
[BlackTeam "TBCC"]
[WhiteTeamCountry "BEL"]
[BlackTeamCountry "BEL"]

1. d4 d6 2. Nf3 g6 3. c4 Bg7 4. Nc3 e5 5. e4 Nc6 6. d5 Nd4 7. Nxd4 exd4 8. Nb5 Nf6 9. Bd3 0-0 10. 0-0 Ne8 11. Bc2 Qf6 12. f4 c6 13. e5 dxe5 14. fxe5 Qxe5 15. Bf4 Qe7 16. dxc6 Qc5 17. cxb7 Bxb7 18. Bd3 a6 19. Na3 Nc7 20. Qd2 a5 21. Nb5 Nxb5 22. cxb5 Bd5 23. Bh6 Rfe8 24. Bxg7 Kxg7 25. Rac1 Qb6 26. Qf4 Rad8 27. Rc6 Qa7 28. b6 Qe7 29. Qxd4+ Kg8 30. Rc7 Qg5 31. Qf2 Bxa2 32. b7 Rxd3 33. Rc8 Qb5 34. Qe2 Qb6+ 35. Kh1 1-0

[Event "BEL-chT 1314"]
[Site "Belgium"]
[Date "2014.01.12"]
[Round "7.4"]
[White "Beeckmans, Felix"]
[Black "Vandevoort, Pascal"]
[Result "1/2-1/2"]
[WhiteElo "2295"]
[BlackElo "2387"]
[PlyCount "79"]
[EventDate "2013.09.22"]
[EventType "team-tourn"]
[EventRounds "11"]
[EventCountry "BEL"]
[SourceTitle "EXT 2015"]
[Source "ChessBase"]
[SourceDate "2014.11.20"]
[SourceVersion "1"]
[SourceVersionDate "2014.11.20"]
[SourceQuality "1"]
[WhiteTeam "Anderlecht"]
[BlackTeam "Liege Crelel"]
[WhiteTeamCountry "BEL"]
[BlackTeamCountry "BEL"]

1. c4 g6 2. Nc3 Bg7 3. d4 Nf6 4. e4 d6 5. Be2 0-0 6. h4 c5 7. d5 e6 8. h5 exd5 9. exd5 Re8 10. hxg6 fxg6 11. Bg5 Nbd7 12. Qd2 a6 13. 0-0-0 b5 14. cxb5 axb5 15. Bxb5 Qb6 16. f3 Rxa2 17. Nxa2 Qxb5 18. Nc3 Qa5 19. Qc2 Nb6 20. Qb3 Nfd7 21. Nge2 Ba6 22. Rhe1 Ne5 23. Kc2 Bd3+ 24. Rxd3 Nxd3 25. Rb1 Nb4+ 26. Kd1 c4 27. Qa3 Qc5 28. Bd2 N6xd5 29. Nxd5 Qxd5 30. Nf4 Qf5 31. Rc1 Nd3 32. Nxd3 cxd3 33. Rc7 Qd5 34. Bc3 Bh6 35. Qa4 Ra8 36. Ra7 Rxa7 37. Qxa7 Qb3+ 38. Ke1 Qe6+ 39. Kf2 d5 40. Qd4 1/2-1/2

[Event "BEL-chT 1112"]
[Site "Belgium"]
[Date "2011.11.06"]
[Round "3.3"]
[White "Beeckmans, Felix"]
[Black "Chabanon, Jean Luc"]
[Result "1/2-1/2"]
[WhiteElo "2309"]
[BlackElo "2481"]
[PlyCount "79"]
[EventDate "2011.10.09"]
[EventType "team-tourn"]
[EventRounds "11"]
[EventCountry "BEL"]
[SourceTitle "EXT 2013"]
[Source "ChessBase"]
[SourceDate "2012.11.22"]
[SourceVersion "1"]
[SourceVersionDate "2012.11.22"]
[SourceQuality "1"]
[WhiteTeam "Anderlecht"]
[BlackTeam "Charleroi CREC"]
[WhiteTeamCountry "BEL"]
[BlackTeamCountry "BEL"]

1. c4 Nf6 2. Nc3 c5 3. Nf3 g6 4. d4 Bg7 5. e4 0-0 6. Be2 d6 7. 0-0 cxd4 8. Nxd4 Nc6 9. Be3 Bd7 10. Nc2 a6 11. f3 Qb8 12. Qd2 Ne5 13. Rac1 b5 14. Nd5 Nxd5 15. cxd5 Nc4 16. Bxc4 bxc4 17. Bd4 Rc8 18. Bxg7 Kxg7 19. Qd4+ f6 20. Ne3 Bb5 21. Rf2 Qa7 22. Qxa7 Rxa7 23. b3 a5 24. Rfc2 a4 25. bxc4 Be8 26. c5 dxc5 27. Rxc5 Rxc5 28. Rxc5 Rb7 29. Rc2 Rb4 30. Kf2 Bb5 31. Rd2 a3 32. Nd1 Bc4 33. Ke3 Rb1 34. Kd4 Bxa2 35. Rxa2 Rxd1+ 36. Ke3 Rb1 37. Rxa3 Rb2 38. Ra7 Kf8 39. d6 exd6 40. Rxh7 1/2-1/2

[Event "BEL-chT 0809"]
[Site "Belgium"]
[Date "2008.12.07"]
[Round "5.2"]
[White "Beeckmans, Felix"]
[Black "Vandevoort, Pascal"]
[Result "1/2-1/2"]
[WhiteElo "2307"]
[BlackElo "2409"]
[PlyCount "82"]
[EventDate "2008.10.05"]
[EventType "team-tourn"]
[EventRounds "11"]
[EventCountry "BEL"]
[SourceTitle "EXT 2010"]
[Source "ChessBase"]
[SourceDate "2010.11.25"]
[SourceVersion "1"]
[SourceVersionDate "2010.11.25"]
[SourceQuality "1"]
[WhiteTeam "Brussels"]
[BlackTeam "Liege Crelel"]
[WhiteTeamCountry "BEL"]
[BlackTeamCountry "BEL"]

1. c4 e5 2. Nc3 Nc6 3. Nf3 Nf6 4. g3 g6 5. d4 exd4 6. Nxd4 Bg7 7. Nxc6 bxc6 8. Bg2 0-0 9. 0-0 Re8 10. Re1 Ng4 11. h3 Ne5 12. c5 Qe7 13. Na4 Ba6 14. Be3 Rab8 15. Rc1 Bb5 16. Nc3 Nc4 17. Bf4 Nxb2 18. Qc2 Ba6 19. Bxc7 Rb7 20. Bd6 Qe6 21. Bf4 Qc4 22. Ne4 Qxc2 23. Rxc2 Rb4 24. Nd6 Re6 25. Bd2 Ra4 26. Rb1 Rxa2 27. Bf1 Bd4 28. Be3 Rxe3 29. fxe3 Be5 30. Ne4 Bb5 31. Nf2 Ba4 32. Rd2 Bc3 33. Rxd7 Bc2 34. Rc1 Nc4 35. Rxa7 Na5 36. Ne4 Bb4 37. Ra8+ Kg7 38. Rb8 Ba3 39. Nc3 Bxc1 40. Nxa2 Bxe3+ 41. Kh2 Bxc5 1/2-1/2

[Event "BEL-chT 0809"]
[Site "Belgium"]
[Date "2008.10.19"]
[Round "2.2"]
[White "Ringoir, Tanguy"]
[Black "Beeckmans, Felix"]
[Result "1-0"]
[WhiteElo "2312"]
[BlackElo "2300"]
[PlyCount "74"]
[EventDate "2008.10.05"]
[EventType "team-tourn"]
[EventRounds "11"]
[EventCountry "BEL"]
[SourceTitle "CBM 127 Extra"]
[Source "ChessBase"]
[SourceDate "2009.01.08"]
[SourceVersion "2"]
[SourceVersionDate "2009.01.28"]
[SourceQuality "1"]
[WhiteTeam "Bredene"]
[BlackTeam "Brussels"]
[WhiteTeamCountry "BEL"]
[BlackTeamCountry "BEL"]

1. e4 e5 2. Nf3 Nc6 3. Bb5 g6 4. d4 exd4 5. Bg5 Be7 6. Bxe7 Qxe7 7. 0-0 Qb4 8. Bxc6 dxc6 9. Qxd4 Qxd4 10. Nxd4 Bd7 11. Nc3 0-0-0 12. Rad1 Ne7 13. h3 c5 14. Nf3 f6 15. e5 fxe5 16. Nxe5 Bf5 17. g4 Bxc2 18. Rc1 Bd3 19. Rfe1 Rhe8 20. Nf7 Rd7 21. Re3 Ba6 22. Rce1 Rf8 23. Ng5 Nc6 24. Ne6 Rff7 25. Nxc5 Rd8 26. Nxa6 bxa6 27. Ne4 Rd5 28. Rc1 Nd4 29. Nc5 c6 30. Kg2 a5 31. Rc4 Nb5 32. Nb3 a4 33. Rxa4 Kb7 34. Rae4 Kb6 35. a4 Nd6 36. Re7 a5 37. Rxf7 Nxf7 1-0

[Event "Avoine op 23rd"]
[Site "Avoine"]
[Date "2008.07.25"]
[Round "7"]
[White "Thoue, Jean Claude"]
[Black "Beeckmans, Felix"]
[Result "0-1"]
[WhiteElo "1679"]
[BlackElo "2295"]
[PlyCount "48"]
[EventDate "2008.07.19"]
[EventType "swiss"]
[EventRounds "9"]
[EventCountry "FRA"]
[SourceTitle "CBM 125 Extra"]
[Source "ChessBase"]
[SourceDate "2008.09.01"]
[SourceVersion "1"]
[SourceVersionDate "2008.09.01"]
[SourceQuality "1"]

1. e4 e5 2. Nc3 Nf6 3. Bc4 Bb4 4. Nf3 Nc6 5. d3 d6 6. a3 Bxc3+ 7. bxc3 Qe7 8. h3 h6 9. Rb1 Nd8 10. a4 Ne6 11. Bxe6 Qxe6 12. c4 a5 13. Be3 b6 14. c3 Nd7 15. 0-0 0-0 16. Nh4 Kh7 17. Nf5 g6 18. Nxh6 f5 19. exf5 gxf5 20. Bg5 f4 21. Qf3 Rb8 22. Qe4+ Qg6 23. Ng4 Nc5 24. Nf6+ Rxf6 0-1

[Event "Avoine op 23rd"]
[Site "Avoine"]
[Date "2008.07.19"]
[Round "1"]
[White "Hutois, Mickael"]
[Black "Beeckmans, Felix"]
[Result "0-1"]
[WhiteElo "2002"]
[BlackElo "2295"]
[PlyCount "44"]
[EventDate "2008.07.19"]
[EventType "swiss"]
[EventRounds "9"]
[EventCountry "FRA"]
[SourceTitle "CBM 125 Extra"]
[Source "ChessBase"]
[SourceDate "2008.09.01"]
[SourceVersion "1"]
[SourceVersionDate "2008.09.01"]
[SourceQuality "1"]

1. e4 c5 2. Nf3 g6 3. d4 cxd4 4. Qxd4 Nf6 5. Bc4 Nc6 6. Qe3 Bg7 7. 0-0 0-0 8. Nc3 d6 9. h3 Nd7 10. Qe1 a6 11. Bg5 h6 12. Bh4 Re8 13. Rd1 Rb8 14. Qe3 Qa5 15. Ne2 Qc5 16. Qb3 Nde5 17. Nxe5 Nxe5 18. Bd3 Be6 19. Qa4 Bd7 20. Qb3 Be6 21. Qa4 Nxd3 22. cxd3 Qh5 0-1

[Event "Avoine op 22nd"]
[Site "Avoine"]
[Date "2007.07.22"]
[Round "2"]
[White "Lecoq, Julien"]
[Black "Beeckmans, Felix"]
[Result "0-1"]
[WhiteElo "2106"]
[BlackElo "2262"]
[PlyCount "50"]
[EventDate "2007.07.21"]
[EventType "swiss"]
[EventRounds "9"]
[EventCountry "FRA"]
[SourceTitle "EXT 2010"]
[Source "ChessBase"]
[SourceDate "2010.11.25"]
[SourceVersion "1"]
[SourceVersionDate "2010.11.25"]
[SourceQuality "1"]

1. e4 d6 2. d4 Nf6 3. Nc3 Nbd7 4. Nf3 e5 5. Bc4 Be7 6. 0-0 0-0 7. Re1 a6 8. a4 b6 9. h3 c6 10. d5 c5 11. Qd3 Kh8 12. Ne2 Ng8 13. Ng3 g6 14. Nh2 Bg5 15. Nf3 Bxc1 16. Raxc1 f5 17. exf5 gxf5 18. Nxf5 b5 19. axb5 axb5 20. Bxb5 c4 21. Qxc4 Rxf5 22. Qc6 Rb8 23. Bd3 Rxf3 24. gxf3 Nc5 25. Ra1 Ne7 0-1

[Event "Paris Apsap op 70th"]
[Site "Paris"]
[Date "2004.02.23"]
[Round "3"]
[White "Beeckmans, Felix"]
[Black "Bourbon, Bernard"]
[Result "1-0"]
[WhiteElo "2279"]
[BlackElo "2033"]
[PlyCount "29"]
[EventDate "2004.02.25"]
[EventType "swiss"]
[EventRounds "7"]
[EventCountry "FRA"]
[SourceTitle "EXT 2005"]
[Source "ChessBase"]
[SourceDate "2004.11.15"]
[SourceVersion "1"]
[SourceVersionDate "2004.11.15"]
[SourceQuality "1"]

1. e4 d5 2. exd5 Qxd5 3. d4 Nf6 4. Nf3 Bg4 5. Be2 Nc6 6. h3 Bxf3 7. Bxf3 Qe6+ 8. Be3 0-0-0 9. c3 Nd5 10. Qe2 Nxe3 11. fxe3 Qd6 12. 0-0 f6 13. Nd2 Nb8 14. Ne4 Qb6 15. Nc5 1-0

[Event "Avoine op 17th"]
[Site "Avoine"]
[Date "2002.07.21"]
[Round "2"]
[White "Le Borgne, Pierre"]
[Black "Beeckmans, Felix"]
[Result "0-1"]
[WhiteElo "2162"]
[BlackElo "2287"]
[PlyCount "78"]
[EventDate "2002.07.20"]
[EventType "swiss"]
[EventRounds "9"]
[EventCountry "FRA"]
[SourceTitle "CBM 089 Extra"]
[Source "ChessBase"]
[SourceDate "2002.09.10"]
[SourceVersion "2"]
[SourceVersionDate "2002.09.10"]
[SourceQuality "1"]

1. e4 c5 2. Nf3 g6 3. d4 cxd4 4. Qxd4 Nf6 5. Bb5 a6 6. e5 axb5 7. exf6 e6 8. 0-0 Nc6 9. Qh4 Ra4 10. Qg3 d5 11. Nc3 Bd6 12. Qg5 h6 13. Qd2 Ra5 14. Qe2 b4 15. Nb5 Bb8 16. c4 bxc3 17. bxc3 Qxf6 18. Ba3 Rxa3 19. Nxa3 Qxc3 20. Nb5 Qf6 21. Qe3 g5 22. Qc5 Qf4 23. Qc1 Qxc1 24. Raxc1 e5 25. Rfe1 0-0 26. Rcd1 Rd8 27. h3 Be6 28. a3 d4 29. Nd2 f6 30. Ne4 Kf7 31. Nc5 Bc8 32. g4 Rd5 33. Rc1 Ne7 34. a4 Rd8 35. f3 Nd5 36. Ne4 Ke7 37. Nxd4 exd4 38. Nxg5+ Be5 39. Ne4 Nf4 0-1

[Event "BEL-chT 0001"]
[Site "Belgium"]
[Date "2000.10.15"]
[Round "1"]
[White "Callier, Christophe"]
[Black "Beeckmans, Felix"]
[Result "0-1"]
[WhiteElo "2006"]
[BlackElo "2293"]
[PlyCount "120"]
[EventDate "2000.11.18"]
[EventType "team"]
[EventRounds "13"]
[EventCountry "BEL"]
[SourceTitle "CBM 081 Extra"]
[Source "ChessBase"]
[SourceDate "2001.05.06"]
[SourceVersion "1"]
[SourceVersionDate "2001.05.06"]
[SourceQuality "1"]

1. e4 c5 2. Nf3 g6 3. d4 cxd4 4. Nxd4 Bg7 5. Be3 Nf6 6. Nc3 Nc6 7. Bc4 0-0 8. Bb3 a5 9. a4 Ng4 10. Qxg4 Nxd4 11. Qd1 Nxb3 12. cxb3 Ra6 13. 0-0 Re6 14. Bd4 b6 15. Bxg7 Kxg7 16. Qd3 Bb7 17. Rad1 Bc6 18. Nd5 Kg8 19. f3 Qb8 20. Qd4 b5 21. Qc5 Bxd5 22. Qxd5 Qb6+ 23. Kh1 bxa4 24. bxa4 d6 25. Qd4 Rb8 26. Rf2 Qc7 27. Qd3 Re5 28. Rc2 Rc5 29. Rdd2 Rc8 30. Rxc5 Qxc5 31. h3 Qc1+ 32. Kh2 h5 33. Qd4 Rc4 34. Qd3 h4 35. Qb3 Qxd2 36. Qxc4 Qxb2 37. Qc8+ Kg7 38. Qe8 Qe5+ 39. Kh1 Qa1+ 40. Kh2 Qe5+ 41. Kh1 e6 42. Qd7 Qc5 43. Qb5 Qxb5 44. axb5 a4 45. b6 a3 46. b7 a2 47. b8Q a1Q+ 48. Kh2 Qe5+ 49. Kg1 Qd4+ 50. Kf1 d5 51. Qf4 Qf6 52. Qe3 d4 53. Qd2 Qe5 54. Ke2 Qb5+ 55. Kf2 e5 56. f4 Qb1 57. Kf3 Qb3+ 58. Ke2 Qg3 59. fxe5 Qxg2+ 60. Kd3 Qxh3+ 0-1